书目信息 |
| 题名: |
生命的重建
|
|
| 作者: | 路易斯, 著 ;徐克茹 译 | |
| 分册: | ||
| 出版信息: | 北京 中国宇航出版社 2003.04 |
|
| 页数: | 240页 | |
| 开本: | 21cm | |
| 丛书名: | ||
| 单 册: | ||
| 中图分类: | R395.6 | |
| 科图分类: | ||
| 主题词: | 心理卫生--普及读物 | |
| 电子资源: | ||
| ISBN: | 7-80144-544-9 | |
| 000 | 00972nam0 2200253 450 | |
| 001 | 0310031651 | |
| 005 | 20050906080712.39 | |
| 010 | @a7-80144-544-9@dCNY18.00 | |
| 100 | @a20031003d2003 km y0chiy0120 ea | |
| 101 | 1 | @achi@ceng |
| 102 | @aCN@b110000 | |
| 105 | @aa z 000yy | |
| 200 | 1 | @a生命的重建@ASheng Ming De Chong Jian@d= You Can Heal Your Life@f(美)露易丝·海(Louise L.Hay)著@F(mei)lu yi si·hai(Louise L.Hay)zhu@g徐克茹译@Gxu ke ru yi@zeng |
| 210 | @a北京@c中国宇航出版社@d2003.04 | |
| 215 | @a240页@c图@d21cm | |
| 305 | @a著作权人授权出版 | |
| 330 | @a本书作者从感人的亲身经历中提炼出智慧、希望和力量的文字,与阅读者一起分享她的成长历程,阐述了生活的教训以及怎样安排自己的生活和工作等问题。 | |
| 510 | 1 | @aYou Can Heal Your Life@zeng |
| 606 | 0 | @a心理卫生@x普及读物 |
| 690 | @aR395.6@v4 | |
| 701 | 1 | @a路易斯,@Alu yi si,@bL. H.@g(Louise, L. H.)@4著 |
| 702 | 0 | @a徐克茹@Axu ke ru@4译 |
| 801 | 0 | @aCN@bQSSK@c20050906 |
| 905 | @a10447@dR395.6@eL880 | |
| 生命的重建= You Can Heal Your Life/(美)露易丝·海(Louise L.Hay)著/徐克茹译.-北京:中国宇航出版社,2003.04 |
| 240页:图;21cm |
| ISBN 7-80144-544-9:CNY18.00 |
| 本书作者从感人的亲身经历中提炼出智慧、希望和力量的文字,与阅读者一起分享她的成长历程,阐述了生活的教训以及怎样安排自己的生活和工作等问题。 |
| ● |
| 相关链接 |
|
|
|
正题名:生命的重建
索取号:R395.6/L880
 
预约/预借
| 序号 | 登录号 | 条形码 | 馆藏地/架位号 | 状态 | 备注 |
| 1 | 529375 | 205293751 | 自科库401/401自科库 15排4列2层/ [索取号:R395.6/L880] | 在馆 | |
| 2 | 529376 | 205293760 | 自科库401/401自科库 15排4列2层/ [索取号:R395.6/L880] | 在馆 |